[Event "Capablanca Memorial op 51st"]
[Site "Varadero"]
[Date "2016.06.09"]
[Round "1"]
[White "Navarrete Mendez, Gonzalo Albe"]
[Black "Aponte Montes de Oca, Oriana Isabel"]
[Result "1-0"]
[WhiteElo "2251"]
[BlackElo "2030"]
[PlyCount "83"]
[EventDate "2016.06.09"]
[EventType "swiss"]
[EventRounds "10"]
[EventCountry "CUB"]
[SourceTitle "EXT 2017"]
[Source "ChessBase"]
[SourceDate "2016.10.25"]
[SourceVersion "1"]
[SourceVersionDate "2016.10.25"]
[SourceQuality "1"]

1. e4 c5 2. Nf3 d6 3. Nc3 a6 4. d4 cxd4 5. Nxd4 Nf6 6. Bc4 e6 7. Bb3 Nbd7 8. Bg5 Nc5 9. f4 h6 10. Bxf6 gxf6 11. 0-0 Nxb3 12. axb3 Be7 13. f5 h5 14. Kh1 Bd7 15. Qd3 Qb6 16. Rad1 0-0-0 17. Qh3 Rde8 18. fxe6 fxe6 19. Nxe6 Bd8 20. Nd5 Qc6 21. Nxd8 Qxd5 22. Rxd5 Bxh3 23. Nf7 Be6 24. Nxd6+ Kb8 25. Nxe8 Bxd5 26. Nxf6 Be6 27. b4 Rd8 28. Nxh5 Rd2 29. Rc1 Rd4 30. Nf4 Bf7 31. Nd3 Rxe4 32. Re1 Rd4 33. Kg1 Bg6 34. Re3 Bxd3 35. Rxd3 Rxb4 36. Rb3 Rc4 37. c3 Kc7 38. Rb4 Rc5 39. g4 b5 40. h4 a5 41. Rd4 Re5 42. g5 1-0

[Event "VEN-ch (Women)"]
[Site "Merida"]
[Date "2016.02.27"]
[Round "9"]
[White "Aponte Montes de Oca, Oriana Isabel"]
[Black "Varela la Madrid, Tilsia Carolin"]
[Result "1/2-1/2"]
[WhiteElo "2019"]
[BlackElo "2011"]
[PlyCount "40"]
[EventDate "2016.02.21"]
[EventType "tourn"]
[EventRounds "11"]
[EventCountry "VEN"]
[SourceTitle "CBM 171 Extra"]
[Source "ChessBase"]
[SourceDate "2016.04.26"]
[SourceVersion "1"]
[SourceVersionDate "2016.04.26"]
[SourceQuality "1"]

1. e4 d5 2. exd5 Qxd5 3. Nc3 Qa5 4. d4 Nf6 5. Nf3 Bf5 6. Bc4 e6 7. Ne5 Nbd7 8. Bd2 c6 9. Nxd7 Nxd7 10. g4 Bg6 11. h4 h6 12. Qe2 Bb4 13. 0-0-0 0-0-0 14. Rh3 Qc7 15. a3 Bxc3 16. Rxc3 Nb6 17. Bxe6+ Kb8 18. Bb3 Rxd4 19. Be3 Rxd1+ 20. Qxd1 Rd8 1/2-1/2

[Event "VEN-ch (Women)"]
[Site "Merida"]
[Date "2016.02.23"]
[Round "3"]
[White "Ubaldo Suarez, Maria Gisela"]
[Black "Aponte Montes de Oca, Oriana Isabel"]
[Result "1-0"]
[WhiteElo "2037"]
[BlackElo "2019"]
[PlyCount "63"]
[EventDate "2016.02.21"]
[EventType "tourn"]
[EventRounds "11"]
[EventCountry "VEN"]
[SourceTitle "CBM 171 Extra"]
[Source "ChessBase"]
[SourceDate "2016.04.26"]
[SourceVersion "1"]
[SourceVersionDate "2016.04.26"]
[SourceQuality "1"]

1. d4 Nf6 2. c4 g6 3. Nc3 d5 4. Bg5 Ne4 5. Bh4 Nxc3 6. bxc3 dxc4 7. e3 Be6 8. Qb1 b6 9. Nh3 Bg7 10. Nf4 Bf5 11. e4 Bd7 12. Bxc4 c5 13. Nd5 Nc6 14. dxc5 bxc5 15. 0-0 0-0 16. Qc2 Re8 17. Rfd1 Qc8 18. Qe2 Kf8 19. Ba6 Qd8 20. Bb7 Rc8 21. Bxc8 Qxc8 22. Rab1 Ne5 23. Bg3 Bc6 24. Rd2 e6 25. Nf4 Nd7 26. Qd3 Kg8 27. Ne2 Nf6 28. Rb8 Qd7 29. Qxd7 Bxd7 30. Rxe8+ Bxe8 31. Rd8 Bf8 32. e5 1-0

[Event "Caracas FVA 80th Ann"]
[Site "Caracas"]
[Date "2015.12.18"]
[Round "5"]
[White "Jaimes Gonzalez, Ludin Esteban"]
[Black "Aponte Montes de Oca, Oriana Isabel"]
[Result "1/2-1/2"]
[WhiteElo "2046"]
[BlackElo "1932"]
[PlyCount "68"]
[EventDate "2015.12.16"]
[EventType "swiss"]
[EventRounds "8"]
[EventCountry "VEN"]
[SourceTitle "EXT 2018"]
[Source "ChessBase"]
[SourceDate "2017.10.13"]
[SourceVersion "1"]
[SourceVersionDate "2017.10.13"]
[SourceQuality "1"]

1. e4 c5 2. Nf3 d6 3. d4 cxd4 4. Nxd4 Nf6 5. Nc3 a6 6. Bg5 e6 7. Qd2 Nbd7 8. 0-0-0 Qc7 9. Bd3 Be7 10. Rhe1 h6 11. Bh4 0-0 12. g4 Nxe4 13. Bxe4 Bxh4 14. Nf3 Bf6 15. g5 Bxc3 16. bxc3 f5 17. gxh6 Nc5 18. hxg7 Rf6 19. Bxf5 Bd7 20. Rg1 exf5 21. Qg5 Qa5 22. Qh4 Qa3+ 23. Kb1 Be6 24. Qh8+ Kf7 25. Ng5+ Ke7 26. Nxe6 Na4 27. g8N+ Rxg8 28. Qh7+ Rf7 29. Qh4+ Rf6 30. Qh7+ Rf7 31. Qh4+ Rf6 32. Qh7+ Rf7 33. Qh4+ Rf6 34. Qh7+ Rf7 1/2-1/2

[Event "Central America Carribean-ch U20 Girls"]
[Site "Porlamar"]
[Date "2015.08.27"]
[Round "8"]
[White "Aponte Montes de Oca, Oriana Isabel"]
[Black "Montilla Reyes, Jorcerys"]
[Result "0-1"]
[WhiteElo "2029"]
[BlackElo "2162"]
[PlyCount "106"]
[EventDate "2015.08.22"]
[EventType "swiss"]
[EventRounds "9"]
[EventCountry "VEN"]
[SourceTitle "EXT 2018"]
[Source "ChessBase"]
[SourceDate "2017.10.13"]
[SourceVersion "1"]
[SourceVersionDate "2017.10.13"]
[SourceQuality "1"]

1. e4 c5 2. Nf3 Nc6 3. Nc3 Nf6 4. Bc4 e6 5. Qe2 d6 6. 0-0 Be7 7. Rd1 a6 8. a4 d5 9. exd5 exd5 10. Ba2 Bg4 11. d4 Nxd4 12. Rxd4 cxd4 13. Nd1 0-0 14. h3 Bxf3 15. Qxf3 Rc8 16. Qd3 Re8 17. c3 dxc3 18. Nxc3 Bb4 19. Bd2 d4 20. Ne4 Bxd2 21. Nxd2 Rc7 22. Nf3 Rd7 23. Rc1 Qb6 24. Bb3 g6 25. Kf1 Kg7 26. Rd1 Ne4 27. Nxd4 Qf6 28. Qe3 Ree7 29. Bc2 Ng3+ 30. Qxg3 Rxd4 31. Rxd4 Qxd4 32. Qc3 Qxc3 33. bxc3 Rc7 34. Be4 b6 35. Bd3 Rxc3 36. Bxa6 Kf6 37. Ke2 Ke5 38. Bb5 Kd4 39. g3 Ra3 40. Be8 Kc5 41. Bxf7 Rxa4 42. f4 Ra3 43. Kf2 b5 44. Bg8 Ra7 45. Kf3 Kd4 46. Kg4 b4 47. Kg5 Ra3 48. Kh4 b3 49. Bxh7 Ra6 50. Kg5 b2 51. Bxg6 Rxg6+ 52. Kxg6 b1Q+ 53. Kg5 Qh7 0-1

[Event "Central America Carribean-ch U20 Girls"]
[Site "Porlamar"]
[Date "2015.08.22"]
[Round "2"]
[White "Aponte Montes de Oca, Oriana Isabel"]
[Black "Smith, Javanna"]
[Result "0-1"]
[WhiteElo "2029"]
[BlackElo "1775"]
[PlyCount "74"]
[EventDate "2015.08.22"]
[EventType "swiss"]
[EventRounds "9"]
[EventCountry "VEN"]
[SourceTitle "EXT 2018"]
[Source "ChessBase"]
[SourceDate "2017.10.13"]
[SourceVersion "1"]
[SourceVersionDate "2017.10.13"]
[SourceQuality "1"]

1. e4 c5 2. Nf3 d6 3. d4 cxd4 4. Nxd4 Nf6 5. Nc3 e5 6. Bb5+ Nbd7 7. Nf5 a6 8. Bxd7+ Qxd7 9. Ne3 Qc6 10. Ned5 Nxd5 11. Nxd5 Be6 12. 0-0 Rc8 13. c3 Bxd5 14. exd5 Qc7 15. f4 Be7 16. Qa4+ b5 17. Qe4 0-0 18. fxe5 dxe5 19. Be3 Qd6 20. Rf5 g6 21. Rf2 f5 22. Qd3 f4 23. Bd2 Rc5 24. a4 Rxd5 25. Qc2 Rd8 26. Be1 Rd1 27. Rxd1 Qxd1 28. Qxd1 Rxd1 29. Re2 Bh4 30. Kf1 Rxe1+ 31. Rxe1 Bxe1 32. Kxe1 bxa4 33. Kd2 e4 34. c4 Kf7 35. Kc3 Ke6 36. Kd4 e3 37. Kd3 Kd6 0-1

[Event "Central America Carribean-ch U20 Girls"]
[Site "Porlamar"]
[Date "2015.08.22"]
[Round "1"]
[White "Yepez Moreno, Juliet Carolina"]
[Black "Aponte Montes de Oca, Oriana Isabel"]
[Result "0-1"]
[WhiteElo "1630"]
[BlackElo "2029"]
[PlyCount "58"]
[EventDate "2015.08.22"]
[EventType "swiss"]
[EventRounds "9"]
[EventCountry "VEN"]
[SourceTitle "EXT 2018"]
[Source "ChessBase"]
[SourceDate "2017.10.13"]
[SourceVersion "1"]
[SourceVersionDate "2017.10.13"]
[SourceQuality "1"]

1. e4 c5 2. Nc3 a6 3. f4 b5 4. Nf3 Bb7 5. d3 d6 6. Nd5 e6 7. Ne3 g6 8. Rb1 Bg7 9. g4 Ne7 10. Bh3 d5 11. e5 d4 12. Nf1 h5 13. Ng3 hxg4 14. Bxg4 Nf5 15. Rg1 Nxg3 16. Rxg3 Nc6 17. Qe2 Qa5+ 18. Bd2 Qxa2 19. Qd1 Qd5 20. Kf2 0-0-0 21. Bh3 Ne7 22. Ng5 Nf5 23. Nxf7 Nxg3 24. Nxh8 Rxh8 25. Kxg3 Rxh3+ 26. Kxh3 Qg2+ 27. Kh4 Bf8 28. f5 exf5 29. Bg5 Qxh2# 0-1

[Event "VEN-ch U20 Girls"]
[Site "Maturin"]
[Date "2015.05.16"]
[Round "6.3"]
[White "Aponte Montes de Oca, Oriana Isabel"]
[Black "Patino Garcia, Corals"]
[Result "0-1"]
[WhiteElo "2022"]
[BlackElo "1856"]
[PlyCount "38"]
[EventDate "2015.05.13"]
[EventType "tourn"]
[EventRounds "7"]
[EventCountry "VEN"]
[SourceTitle "EXT 2018"]
[Source "ChessBase"]
[SourceDate "2017.10.13"]
[SourceVersion "1"]
[SourceVersionDate "2017.10.13"]
[SourceQuality "1"]

1. e4 c5 2. Nf3 d6 3. d4 Nf6 4. Nc3 cxd4 5. Nxd4 a6 6. Bc4 e6 7. Bb3 b5 8. Bg5 Be7 9. Qf3 Qc7 10. 0-0-0 0-0 11. Rhe1 b4 12. Na4 Bd7 13. e5 dxe5 14. Qxa8 exd4 15. Rxd4 Nc6 16. Bf4 Rxa8 17. Bxc7 Nxd4 18. Nb6 Nxb3+ 19. axb3 Ra7 0-1

[Event "VEN-ch U20 Girls"]
[Site "Maturin"]
[Date "2015.05.14"]
[Round "3.1"]
[White "Aponte Montes de Oca, Oriana Isabel"]
[Black "Jimenez Gil, Sofia"]
[Result "1-0"]
[WhiteElo "2022"]
[BlackElo "1520"]
[PlyCount "43"]
[EventDate "2015.05.13"]
[EventType "tourn"]
[EventRounds "7"]
[EventCountry "VEN"]
[SourceTitle "EXT 2018"]
[Source "ChessBase"]
[SourceDate "2017.10.13"]
[SourceVersion "1"]
[SourceVersionDate "2017.10.13"]
[SourceQuality "1"]

1. e4 e5 2. Nf3 Nc6 3. d4 exd4 4. Nxd4 Bc5 5. Be3 Qf6 6. c3 Nge7 7. Bc4 Ne5 8. Be2 d5 9. 0-0 dxe4 10. Nb5 Qb6 11. Bxc5 Qxc5 12. Qd4 Qxd4 13. cxd4 N5c6 14. Nxc7+ Kd8 15. Nxa8 Be6 16. Nc3 Kd7 17. d5 Bxd5 18. Rfd1 Nb4 19. Bc4 Kc6 20. Nxd5 Nbxd5 21. Bxd5+ Nxd5 22. Rac1+ 1-0

[Event "VEN-ch (Women)"]
[Site "Lecheria"]
[Date "2015.03.17"]
[Round "9"]
[White "Aponte Montes de Oca, Oriana Isabel"]
[Black "Varela la Madrid, Tilsia Carolin"]
[Result "0-1"]
[WhiteElo "1967"]
[BlackElo "2019"]
[PlyCount "56"]
[EventDate "2015.03.12"]
[EventType "tourn"]
[EventRounds "11"]
[EventCountry "VEN"]
[SourceTitle "CBM 165 Extra"]
[Source "ChessBase"]
[SourceDate "2015.04.21"]
[SourceVersion "1"]
[SourceVersionDate "2015.04.21"]
[SourceQuality "1"]

1. e4 e5 2. Nf3 Nc6 3. d4 exd4 4. Nxd4 Bc5 5. Be3 Qf6 6. c3 Nge7 7. Bc4 Ne5 8. Be2 Qg6 9. 0-0 d6 10. f3 0-0 11. Kh1 f5 12. Nd2 Kh8 13. Qe1 Bd7 14. f4 Ng4 15. Bxg4 Qxg4 16. Rf3 fxe4 17. Rg3 Qh4 18. Nxe4 Bxd4 19. Bxd4 Nf5 20. Rf3 Qxe1+ 21. Rxe1 Rae8 22. Rff1 Bc6 23. Ng3 Rxe1 24. Rxe1 Nxd4 25. cxd4 Rxf4 26. Re7 Rxd4 27. Kg1 g6 28. Nf1 Re4 0-1

[Event "VEN pre olympic (Women)"]
[Site "Caracas"]
[Date "2014.02.16"]
[Round "7"]
[White "Aponte Montes de Oca, Oriana Isabel"]
[Black "Otazo Sanchez, Annyd Gabriela"]
[Result "0-1"]
[WhiteElo "2014"]
[BlackElo "2020"]
[PlyCount "106"]
[EventDate "2014.02.13"]
[EventType "swiss"]
[EventRounds "7"]
[EventCountry "VEN"]
[SourceTitle "CBM 158 Extra"]
[Source "ChessBase"]
[SourceDate "2014.02.28"]
[SourceVersion "1"]
[SourceVersionDate "2014.02.28"]
[SourceQuality "1"]

1. e4 e5 2. Nf3 Nf6 3. Nxe5 d6 4. Nf3 Nxe4 5. Nc3 Nxc3 6. dxc3 Be7 7. Bf4 0-0 8. Qd2 Qe8 9. 0-0-0 Qa4 10. Kb1 Be6 11. b3 Qa5 12. Bg5 Bxg5 13. Nxg5 Bf5 14. Bc4 Nd7 15. f4 Nf6 16. Bd3 Bxd3 17. Qxd3 h6 18. h4 d5 19. Kb2 Rfe8 20. Nh3 c5 21. Nf2 Rac8 22. g4 c4 23. Qf3 cxb3 24. axb3 Re6 25. g5 Ne4 26. Nxe4 dxe4 27. Qe3 Rec6 28. Rh3 Ra6 29. c4 Qa3+ 30. Kc3 Rxc4+ 31. Kxc4 Rc6+ 32. Kd4 Qd6+ 33. Kxe4 Qxd1 34. f5 Rxc2 35. Kf4 Re2 36. Qc3 Rf2+ 37. Ke5 Qd7 38. Rf3 Re2+ 39. Re3 Rxe3+ 40. Qxe3 Qe7+ 41. Kf4 Qxe3+ 42. Kxe3 hxg5 43. hxg5 f6 44. g6 Kf8 45. Kd4 Ke7 46. Kc5 Kd7 47. Kd5 b6 48. Ke4 Kd6 49. Kd4 Kc6 50. Kc4 b5+ 51. Kb4 Kb6 52. Kc3 a5 53. Kd4 Kc6 0-1

[Event "VEN pre olympic (Women)"]
[Site "Caracas"]
[Date "2014.02.13"]
[Round "2"]
[White "Ubaldo Suarez, Maria Gisela"]
[Black "Aponte Montes de Oca, Oriana Isabel"]
[Result "1/2-1/2"]
[WhiteElo "2024"]
[BlackElo "2014"]
[PlyCount "111"]
[EventDate "2014.02.13"]
[EventType "swiss"]
[EventRounds "7"]
[EventCountry "VEN"]
[SourceTitle "CBM 158 Extra"]
[Source "ChessBase"]
[SourceDate "2014.02.28"]
[SourceVersion "1"]
[SourceVersionDate "2014.02.28"]
[SourceQuality "1"]

1. d4 Nf6 2. c4 g6 3. Nc3 d5 4. Nf3 Bg7 5. Bg5 Ne4 6. Bh4 Nxc3 7. bxc3 dxc4 8. Qa4+ Qd7 9. Qxc4 b6 10. Bg3 c5 11. Ne5 Bxe5 12. Bxe5 Ba6 13. Qb3 0-0 14. Bxb8 Raxb8 15. e3 Bxf1 16. Kxf1 cxd4 17. cxd4 Rfc8 18. h4 Rc6 19. Rh3 Rbc8 20. Rd1 Rc3 21. Qb1 Qc7 22. Ke2 Rc2+ 23. Kf3 Qc6+ 24. Kg3 Qd6+ 25. f4 Qd5 26. Rg1 Qe4 27. Qe1 Rxa2 28. Kh2 a5 29. h5 Rcc2 30. Qg3 Qc6 31. f5 Qc7 32. hxg6 hxg6 33. fxg6 fxg6 34. Qxc7 Rxc7 35. Rb1 Rc6 36. Rg3 Ra3 37. d5 Rd6 38. e4 Rxg3 39. Kxg3 Kg7 40. Kf4 Kf7 41. Rb5 Rf6+ 42. Ke3 Ke8 43. e5 Rf5 44. Ke4 Rg5 45. Rxb6 Rg4+ 46. Kf3 Ra4 47. Rxg6 Rd4 48. d6 exd6 49. exd6 Kd7 50. Rg5 a4 51. Ke3 Rb4 52. Rd5 a3 53. Ra5 Rb3+ 54. Kd2 Kxd6 55. Kc2 Rg3 56. Kb1 1/2-1/2

[Event "VEN-ch (Women)"]
[Site "Lecheria"]
[Date "2014.01.13"]
[Round "6"]
[White "Aponte Montes de Oca, Oriana Isabel"]
[Black "Sequeda Mendoza, Nancy Stella"]
[Result "0-1"]
[WhiteElo "2066"]
[BlackElo "2012"]
[PlyCount "86"]
[EventDate "2014.01.10"]
[EventType "swiss"]
[EventRounds "9"]
[EventCountry "VEN"]
[SourceTitle "CBM 158 Extra"]
[Source "ChessBase"]
[SourceDate "2014.02.28"]
[SourceVersion "1"]
[SourceVersionDate "2014.02.28"]
[SourceQuality "1"]

1. e4 e5 2. Nf3 Nf6 3. Nxe5 d6 4. Nf3 Nxe4 5. Nc3 Nxc3 6. dxc3 Be7 7. Bf4 Nd7 8. Qd2 0-0 9. 0-0-0 Nc5 10. Be3 Re8 11. Bc4 Be6 12. Bxe6 Nxe6 13. h4 Qd7 14. Ng5 h6 15. Nxe6 Qxe6 16. Kb1 Bf6 17. g4 Qxg4 18. Rdg1 Qf3 19. Bxh6 Re2 20. Qc1 Rxf2 21. h5 Kf8 22. Be3 Re2 23. Bg5 Rae8 24. h6 gxh6 25. Bxh6+ Ke7 26. Rf1 Qd5 27. a3 Re6 28. Rf4 Rg8 29. Rhf1 Rg6 30. Rf5 Re5 31. Rxe5+ Bxe5 32. Bg5+ Kd7 33. Bf4 Rf6 34. Bxe5 Rxf1 35. Qxf1 dxe5 36. Qf5+ Qe6 37. Qd3+ Kc8 38. Qe3 Kb8 39. Qc5 Qd6 40. Qg1 Qf8 41. Qg3 e4 42. Qf4 f5 43. Kc1 a6 0-1

[Event "VEN-ch (Women)"]
[Site "Lecheria"]
[Date "2014.01.12"]
[Round "4"]
[White "Aponte Montes de Oca, Oriana Isabel"]
[Black "Otazo Sanchez, Annyd Gabriela"]
[Result "0-1"]
[WhiteElo "2066"]
[BlackElo "1998"]
[PlyCount "80"]
[EventDate "2014.01.10"]
[EventType "swiss"]
[EventRounds "9"]
[EventCountry "VEN"]
[SourceTitle "CBM 158 Extra"]
[Source "ChessBase"]
[SourceDate "2014.02.28"]
[SourceVersion "1"]
[SourceVersionDate "2014.02.28"]
[SourceQuality "1"]

1. e4 e5 2. Nf3 Nf6 3. Nxe5 d6 4. Nf3 Nxe4 5. Nc3 Nxc3 6. dxc3 Be7 7. Bf4 0-0 8. Qd2 Qe8 9. 0-0-0 Qa4 10. Kb1 Nc6 11. Bd3 Be6 12. b3 Qa3 13. Bg5 f6 14. Qe2 Bf7 15. Bc1 Qc5 16. Nd4 Ne5 17. f4 Nxd3 18. Rxd3 Rfe8 19. f5 Bf8 20. Qg4 a5 21. Rg3 Kh8 22. h4 a4 23. h5 axb3 24. cxb3 Qd5 25. h6 g6 26. Qh4 Qe4+ 27. Qxe4 Rxe4 28. Nf3 Re2 29. Bb2 Bd5 30. fxg6 Be4+ 31. Ka1 hxg6 32. c4 Kh7 33. Re1 Bxf3 34. Rxe2 Bxe2 35. Re3 Bg4 36. Bxf6 Bd7 37. Bc3 Re8 38. Rf3 Be6 39. g4 Bxh6 40. Rh3 Bxg4 0-1

[Event "VEN-ch (Women)"]
[Site "Lecheria"]
[Date "2014.01.11"]
[Round "3"]
[White "Aponte Montes de Oca, Oriana Isabel"]
[Black "Chghale Perez, Rosmarly Josefina"]
[Result "1/2-1/2"]
[WhiteElo "2066"]
[BlackElo "1802"]
[PlyCount "84"]
[EventDate "2014.01.10"]
[EventType "swiss"]
[EventRounds "9"]
[EventCountry "VEN"]
[SourceTitle "CBM 158 Extra"]
[Source "ChessBase"]
[SourceDate "2014.02.28"]
[SourceVersion "1"]
[SourceVersionDate "2014.02.28"]
[SourceQuality "1"]

1. e4 c5 2. Nf3 b6 3. d4 cxd4 4. Nxd4 Bb7 5. Nc3 a6 6. Bg5 Nf6 7. Bxf6 gxf6 8. Qd2 Nc6 9. Nxc6 dxc6 10. Bd3 Qc7 11. 0-0-0 0-0-0 12. Qe2 b5 13. Qe3 Kb8 14. Kb1 Bg7 15. f4 Bh6 16. g3 c5 17. Rhf1 e6 18. Be2 Rhe8 19. Bf3 e5 20. Nd5 Bxd5 21. Rxd5 Rxd5 22. exd5 Qd6 23. Qe4 Rh8 24. fxe5 fxe5 25. Bh5 f6 26. Bf7 Bf8 27. Qh4 Be7 28. Qh6 Qd8 29. Be6 Qf8 30. Qd2 Qd8 31. Rf5 Bf8 32. Qe3 Qd6 33. a4 Kc7 34. axb5 axb5 35. Qa3 Qb6 36. Qe3 c4 37. Rxe5 fxe5 38. Qxe5+ Kb7 39. Qxh8 Qg1+ 40. Ka2 Qa7+ 41. Kb1 Qg1+ 42. Ka2 Qa7+ 1/2-1/2

[Event "VEN-ch (Women)"]
[Site "Lecheria"]
[Date "2014.01.11"]
[Round "2"]
[White "Rovira Contreras, Tairu Manuela"]
[Black "Aponte Montes de Oca, Oriana Isabel"]
[Result "1-0"]
[WhiteElo "2109"]
[BlackElo "2066"]
[PlyCount "83"]
[EventDate "2014.01.10"]
[EventType "swiss"]
[EventRounds "9"]
[EventCountry "VEN"]
[SourceTitle "CBM 158 Extra"]
[Source "ChessBase"]
[SourceDate "2014.02.28"]
[SourceVersion "1"]
[SourceVersionDate "2014.02.28"]
[SourceQuality "1"]

1. d4 Nf6 2. c4 g6 3. Nc3 d5 4. cxd5 Nxd5 5. e4 Nxc3 6. bxc3 Bg7 7. Ba3 0-0 8. Bc4 b6 9. Rb1 Bb7 10. f3 c5 11. Ne2 cxd4 12. cxd4 Nc6 13. Bd5 Rc8 14. Qa4 Na5 15. Bxb7 Nxb7 16. 0-0 Na5 17. Rfc1 Qe8 18. Qb4 Qd7 19. Rd1 Rc2 20. Nf4 e6 21. d5 e5 22. Nd3 Rfc8 23. Rb2 R2c7 24. Qd6 Nc4 25. Qxd7 Rxd7 26. Rb3 Bh6 27. Bc1 Be3+ 28. Bxe3 Nxe3 29. Re1 Nc4 30. Rc1 f6 31. Nb4 Nd6 32. Rxc8+ Nxc8 33. Rc3 Nd6 34. Rc6 Kg7 35. Na6 Kh6 36. Nc7 Kg7 37. Kf2 f5 38. Ke3 Kf7 39. Ne6 Nb5 40. Rc8 Nd6 41. Rh8 Kf6 42. g4 1-0

[Event "Central America-ch U18 Girls 4th"]
[Site "Armenia"]
[Date "2013.11.05"]
[Round "5"]
[White "Aponte Montes de Oca, Oriana Isabel"]
[Black "Giraldo Segovia, Angely"]
[Result "1/2-1/2"]
[WhiteElo "2066"]
[BlackElo "1726"]
[PlyCount "119"]
[EventDate "2013.11.05"]
[EventType "swiss"]
[EventRounds "6"]
[EventCountry "COL"]
[SourceTitle "EXT 2016"]
[Source "ChessBase"]
[SourceDate "2015.10.08"]
[SourceVersion "1"]
[SourceVersionDate "2015.10.08"]
[SourceQuality "1"]

1. e4 c5 2. Nf3 e6 3. d4 cxd4 4. Nxd4 Nc6 5. Nc3 Qc7 6. Be2 Bb4 7. 0-0 Nf6 8. a3 Bxc3 9. Nb5 Qe5 10. Nxc3 Nxe4 11. Nxe4 Qxe4 12. Bd3 Qe5 13. Re1 Qc7 14. Qg4 g6 15. Bf4 d6 16. Qg5 Qe7 17. Qh6 Bd7 18. b4 0-0-0 19. Be3 Kb8 20. Qf4 e5 21. Qg3 Qf8 22. b5 Ne7 23. Qh4 Nd5 24. Bh6 Qe7 25. Qxe7 Nxe7 26. f4 Nf5 27. Bg5 Rde8 28. fxe5 Rxe5 29. Rxe5 dxe5 30. Re1 Re8 31. Bf6 e4 32. Rxe4 Rxe4 33. Bxe4 Bxb5 34. Bxf5 gxf5 35. Kf2 Kc7 36. Kg3 Bf1 37. Kf3 Kd6 38. g3 Kd5 39. Kf4 Bh3 40. Kg5 Bg4 41. Kh6 Ke4 42. Kxh7 Kf3 43. Be5 Bh3 44. Kg7 Kg2 45. Kxf7 Kxh2 46. g4+ Kg2 47. g5 Kf3 48. g6 Bf1 49. g7 Bc4+ 50. Kf8 f4 51. g8Q Bxg8 52. Kxg8 Ke4 53. Bb8 a5 54. Kf7 b5 55. Ke6 Kd4 56. Bxf4 Kc3 57. Kd5 Kxc2 58. Kc5 b4 59. axb4 axb4 60. Kxb4 1/2-1/2

[Event "Central America-chT U18 Girls 4th"]
[Site "Armenia"]
[Date "2013.11.03"]
[Round "5"]
[White "Bol, Barbara"]
[Black "Aponte Montes de Oca, Oriana Isabel"]
[Result "0-1"]
[WhiteElo "1455"]
[BlackElo "2066"]
[PlyCount "54"]
[EventDate "2013.11.01"]
[EventType "team"]
[EventRounds "7"]
[EventCountry "COL"]
[SourceTitle "EXT 2016"]
[Source "ChessBase"]
[SourceDate "2015.10.08"]
[SourceVersion "1"]
[SourceVersionDate "2015.10.08"]
[SourceQuality "1"]
[WhiteTeam "Guatemala (W)"]
[BlackTeam "Venezuela (W)"]
[WhiteTeamCountry "GUA"]
[BlackTeamCountry "VEN"]

1. e4 c5 2. Nf3 d6 3. d3 Nc6 4. g3 g6 5. Bg2 Bg7 6. 0-0 e6 7. Re1 Nge7 8. Nbd2 0-0 9. Nf1 b5 10. h4 a5 11. N1h2 e5 12. Rb1 Nd4 13. Be3 a4 14. a3 Nec6 15. Qd2 f5 16. exf5 Nxf5 17. Bg5 Qc7 18. g4 Nfd4 19. Bh6 Bb7 20. Bxg7 Qxg7 21. Nxd4 Nxd4 22. Nf3 Nxf3+ 23. Bxf3 Bxf3 24. g5 Qd7 25. Re3 Qg4+ 26. Kf1 Qg2+ 27. Ke1 Qg1# 0-1

[Event "Central America-chT U18 Girls 4th"]
[Site "Armenia"]
[Date "2013.11.02"]
[Round "3"]
[White "Aponte Montes de Oca, Oriana Isabel"]
[Black "Figueroa Calderon, Jenid"]
[Result "1-0"]
[WhiteElo "2066"]
[BlackElo "1449"]
[PlyCount "103"]
[EventDate "2013.11.01"]
[EventType "team"]
[EventRounds "7"]
[EventCountry "COL"]
[SourceTitle "EXT 2016"]
[Source "ChessBase"]
[SourceDate "2015.10.08"]
[SourceVersion "1"]
[SourceVersionDate "2015.10.08"]
[SourceQuality "1"]
[WhiteTeam "Venezuela (W)"]
[BlackTeam "Puerto Rico (W)"]
[WhiteTeamCountry "VEN"]
[BlackTeamCountry "PUR"]

1. e4 e5 2. Nf3 Nc6 3. d4 exd4 4. Nxd4 Bc5 5. Be3 Bxd4 6. Bxd4 Nxd4 7. Qxd4 Nf6 8. e5 Qe7 9. Be2 c5 10. exf6 Qxe2+ 11. Kxe2 cxd4 12. Kd3 gxf6 13. Re1+ Kf8 14. Kxd4 b6 15. Nc3 Bb7 16. f3 Rg8 17. Re2 Rc8 18. Rae1 a5 19. Nd5 Bxd5 20. Kxd5 Rc5+ 21. Kd6 Rgg5 22. Re8+ Kg7 23. Rd1 Rxc2 24. Kxd7 Rxb2 25. g4 Rxh2 26. a4 Ra2 27. Rd4 Ra3 28. Kc6 Rxf3 29. Kxb6 Rb3+ 30. Kc6 Rb4 31. Rxb4 axb4 32. Rb8 Rxg4 33. a5 b3 34. Rxb3 Ra4 35. Kb6 f5 36. a6 f4 37. a7 f3 38. Rxf3 h5 39. Kb7 h4 40. a8Q Rxa8 41. Kxa8 Kg6 42. Kb7 Kg5 43. Kc6 f5 44. Kd5 Kg4 45. Rf1 f4 46. Ke4 h3 47. Rxf4+ Kg3 48. Rf8 Kg2 49. Rg8+ Kh1 50. Kf3 h2 51. Rc8 Kg1 52. Rc1# 1-0

[Event "Pan American-ch U16 Girls 24th"]
[Site "Pocos de Caldas"]
[Date "2013.07.29"]
[Round "5.3"]
[White "Aponte Montes de Oca, Oriana Isabel"]
[Black "Gomez Camacho, Micaela"]
[Result "1-0"]
[WhiteElo "1946"]
[BlackElo "1777"]
[PlyCount "41"]
[EventDate "2013.07.25"]
[EventType "swiss"]
[EventRounds "9"]
[EventCountry "BRA"]
[SourceTitle "EXT 2022"]
[Source "ChessBase"]
[SourceDate "2021.10.06"]
[SourceVersion "1"]
[SourceVersionDate "2021.10.06"]
[SourceQuality "1"]

1. e4 c5 2. Nf3 d6 3. d4 cxd4 4. Nxd4 Nf6 5. Nc3 a6 6. Bc4 e6 7. Bb3 b5 8. Bg5 Be7 9. Qf3 Qc7 10. 0-0-0 Nbd7 11. Rhe1 Nc5 12. Bxf6 Bxf6 13. Ncxb5 axb5 14. Nxb5 Qa5 15. Nxd6+ Ke7 16. Nc4 Nxb3+ 17. cxb3 Qxa2 18. e5 Bg5+ 19. Kc2 Rd8 20. Qg3 h6 21. f4 1-0

[Event "Pan American-ch U16 Girls 24th"]
[Site "Pocos de Caldas"]
[Date "2013.07.29"]
[Round "6.2"]
[White "Besso, Guadalupe"]
[Black "Aponte Montes de Oca, Oriana Isabel"]
[Result "1/2-1/2"]
[WhiteElo "1861"]
[BlackElo "1946"]
[PlyCount "86"]
[EventDate "2013.07.25"]
[EventType "swiss"]
[EventRounds "9"]
[EventCountry "BRA"]
[SourceTitle "EXT 2022"]
[Source "ChessBase"]
[SourceDate "2021.10.06"]
[SourceVersion "1"]
[SourceVersionDate "2021.10.06"]
[SourceQuality "1"]

1. d4 Nf6 2. c4 g6 3. Nc3 d5 4. cxd5 Nxd5 5. e4 Nxc3 6. bxc3 Bg7 7. Bc4 c5 8. Ne2 Nc6 9. Be3 0-0 10. Rc1 Na5 11. Bd3 cxd4 12. cxd4 b6 13. h4 h5 14. e5 Be6 15. Nf4 Qd7 16. Nxh5 Bg4 17. f3 Bxh5 18. g4 Bxg4 19. fxg4 Qd5 20. Rh2 Rfd8 21. Qc2 Qf3 22. Qe2 Qxe2+ 23. Kxe2 Rac8 24. Rxc8 Rxc8 25. h5 Rc3 26. hxg6 Ra3 27. gxf7+ Kxf7 28. g5 Rxa2+ 29. Bd2 Rb2 30. g6+ Kg8 31. Rh3 b5 32. Kd1 Nc4 33. Bg5 Rg2 34. Bxc4+ bxc4 35. Bxe7 Rxg6 36. Ra3 a6 37. Kc2 Kf7 38. Bd6 Rxd6 39. exd6 Bxd4 40. Rxa6 Ke6 41. Rc6 Be5 42. Rxc4 Kd5 43. Rh4 Kxd6 1/2-1/2